| 000 | 00580nam a2200193 4500 | ||
|---|---|---|---|
| 003 | OSt | ||
| 005 | 20240620074612.0 | ||
| 006 | a | ||
| 008 | 240620b |||||||| |||| 00| 0 eng d | ||
| 040 |
_aDWCL-HMN lib. _cOC |
||
| 082 |
_2Third edition _aCirc. 641.5959 P658 c1979 |
||
| 100 | _aMalulee Pinsuvana | ||
| 245 | _aCooking Thai food in American Kitchens / | ||
| 250 | _aThird edition | ||
| 260 |
_aBangkok, Thailand : _bAdul Pinsuvana , _cc1979. |
||
| 300 |
_b192 p. : col. ill. ; _c19 cm. |
||
| 650 | _a1. Cooking -Thailand. | ||
| 942 |
_2ddc _n0 _cBK-CIRC _eThird edition _kCirc. |
||
| 999 |
_c1007 _d1007 |
||